|
|
|
|
| LEADER |
00884nam a2200265 4500 |
| 001 |
c000074524 |
| 003 |
CARM |
| 005 |
00000000000000.0 |
| 008 |
690725s1968 enk 00001 eng |
| 010 |
|
|
|a 71399536 //r982
|
| 015 |
|
|
|a B68-23739
|
| 019 |
1 |
|
|a 561458
|5 LACONCORD2021
|
| 020 |
|
|
|a 0304931969
|
| 035 |
|
|
|a (OCoLC)15169
|5 LACONCORD2021
|
| 050 |
0 |
0 |
|a PZ4.H427
|b No3
|a PS3558.A88
|
| 082 |
0 |
0 |
|a 813/.5/4
|
| 100 |
1 |
|
|a Haythorne, John,
|d 1928-.
|
| 245 |
1 |
0 |
|a None of us cared for Kate.
|
| 260 |
|
|
|a London,
|b Cassell,
|c 1968.
|
| 300 |
|
|
|a [6], 153 p.
|c 19 cm.
|
| 490 |
0 |
|
|a Cassell crime
|
| 655 |
|
7 |
|a Detective and mystery stories.
|2 gsafd
|
| 852 |
8 |
|
|b CARM
|h A2:AE18H0
|i A00977
|p 0106471
|f BK
|
| 999 |
f |
f |
|i 20adc9a6-d69c-560d-a9a3-c62566e1e47a
|s 92c0bc2b-a682-5d5e-af23-f9ff1f901e89
|
| 952 |
f |
f |
|p Can circulate
|a CAVAL
|b CAVAL
|c CAVAL
|d CARM 1 Store
|e A00977
|f A2:AE18H0
|h Other scheme
|i book
|m 0106471
|